000 00543nam a2200181Ia 4500
008 100917s9999 xx 000 0 und d
082 _b38420
100 _aटकले द. शि.
245 _aजगदीशचंद्र बोस
260 _bलोकवाङमय गृह
_c1979
300 _a45
365 _b3
520 _aबालविभाग
630 _aजगदीशचंद्र बोस
650 _aबालविभाग
730 _aजगदीशचंद्र बोस
942 _cBOOK
999 _c643814
_d643811